| 000 | 02676nam a22002777a 4500 | ||
|---|---|---|---|
| 001 | 113641 | ||
| 003 | DR-UNIBE | ||
| 005 | 20250516101011.0 | ||
| 008 | 250516b2025 sp ||||| |||| 00| 0 spa d | ||
| 020 | _a9788427732230 | ||
| 040 |
_aBIBLIOTECA UNIBE _cBIBLIOTECA UNIBE _erda |
||
| 041 | _aspa | ||
| 082 | _a370.7 G212n | ||
| 100 | 1 |
_aGárate Rivera, Alberto _9195542 _eautor |
|
| 245 | 1 | 0 |
_aNarrativas sobre la identidad docente : _btrayectorias vitales del profesorado universitario / _cAlberto Gárate Rivera |
| 260 |
_aMadrid : _bNarcea , _c2025 |
||
| 300 | _a151 páginas | ||
| 490 | _aUniversitaria | ||
| 505 | _a1. El profesor de libros/ Pedro Ortega Ruiz | 2. La hora de educar en el profesor/ Celestino Fernández Barragán | 3. La profesora de la justicia y de la educación comunitaria/ Raquel Rubio Goldsmith | 4. La moral del recuerdo en el profesor/ José A. Moreno Mena | 5. Un contador que profesionalizó la docencia universitaria/ Luis F. Oviedo Villavicencio | 6. El profesor caminante: Los pasos de Miguel Á. Zabalza Beraza | | ||
| 520 | _aEn este libro se relatan las trayectorias laborales de seis profesores universitarios que ejemplifican, magistralmente, la metáfora del pregonero en la transición de la universidad actual. En su acción educativa, contaron, compartieron y difundieron información; la trasladaron a los pupitres de sus estudiantes y, en años recientes, a las presentaciones proyectadas desde una infalible computadora. Comenzaron narrando la historia y la ciencia, cada uno desde su perspectiva personal, mientras los cambios sociales y culturales los fueron conduciendo a difundir el conocimiento por vías que, en los albores de su actividad académica, no imaginaron. ¿Qué fue lo que atesoraron? Las noticias del mundo, el saber mismo o, para expresarlo en una frase: el saber de ellos, de los pregoneros modernos que transformaron las plazas públicas y las tabernas del viejo Oeste en salones de clases universitarios. Tom Hanks, encarnando a un veterano de la Guerra de Secesión en Las noticias del gran mundo (2020), honró el arte de pregonar. A su vez, los profesores de estas historias honraron la profesión que eligieron. Estas historias singulares nos muestran cómo, incluso en tiempos de posmodernidad y globalización, de estandarización de modelos educativos y de metodologías de aprendizaje, persiste la microhistoria: ese espacio donde la docencia cobra su verdadero significado. | ||
| 650 | 7 |
_2lemb _aEducación superior |
|
| 650 | 7 |
_2lemb _aProfesores |
|
| 650 | 7 |
_2lemb _aDocencia _997841 |
|
| 653 | _aDesarrollo profesional docente | ||
| 942 |
_2ddc _cBK |
||
| 999 |
_c113641 _d113641 |
||